| 000 | 00731cam a2200253 4500 | ||
|---|---|---|---|
| 001 | 4550543 | ||
| 003 | GBCCL | ||
| 005 | 20241126110423.0 | ||
| 008 | 720911s1972 pau b 000 0 eng | ||
| 010 | _a 72000652 | ||
| 020 | _a0551004592 | ||
| 040 |
_aDLC _cDLC _dDLC |
||
| 050 | 0 | 0 |
_aBR115.O3 _bP35 |
| 082 | 0 | 0 |
_a209 _bPAL |
| 100 | 1 |
_aPalms, Roger C. _94556 |
|
| 245 | 1 | 4 |
_aThe occult : _c[by] Roger C. Palms. _bA christian view |
| 260 |
_aValley Forge [Pa.] _bJudson Press _c[1972] |
||
| 300 |
_a125 p. _c22 cm. |
||
| 350 | _a$2.50 | ||
| 504 | _aIncludes bibliographical references. | ||
| 650 | 0 |
_aOccultism _xReligious aspects _xChristianity. _92809 |
|
| 906 |
_a7 _bcbc _corignew _d1 _eocip _f19 _gy-gencatlg |
||
| 942 |
_2ddc _cBK |
||
| 999 |
_c2221 _d2221 |
||